Исследование элементного состава кальций-фосфатных покрытий, нанесённых методом ВЧ-магнетронного распыления; Перспективы развития фундаментальных наук

التفاصيل البيبلوغرافية
Parent link:Перспективы развития фундаментальных наук.— 2008.— С. 45-46
مؤلفون آخرون: Конищев М. Е. Максим Евгеньевич (научный руководитель), Швецов Е. Е., Сурменев Р. А. Роман Анатольевич, Рябцева М. А. Мария Александровна, Пичугин В. Ф. Владимир Федорович
اللغة:الروسية
منشور في: 2008
الموضوعات:
التنسيق: فصل الكتاب
KOHA link:https://koha.lib.tpu.ru/cgi-bin/koha/opac-detail.pl?biblionumber=153841

MARC

LEADER 00000naa2a2200000 4500
001 153841
005 20241125140622.0
035 |a (RuTPU)RU\TPU\book\166886 
090 |a 153841 
100 |a 20090217d2008 k y0rusy50 ca 
101 0 |a rus 
102 |a RU 
200 1 |a Исследование элементного состава кальций-фосфатных покрытий, нанесённых методом ВЧ-магнетронного распыления  |f М. Е. Конищев [и др.]  |g науч. рук. В. Ф. Пичугин 
320 |a Библиогр.: 3 назв. 
463 0 |0 (RuTPU)RU\TPU\book\161548  |t Перспективы развития фундаментальных наук  |o труды V Международной конференции студентов и молодых ученых, 20-23 мая 2008 г., Томск  |f Томский политехнический университет (ТПУ)  |v С. 45-46  |d 2008  |p 334 с. 
610 1 |a кальций-фосфатные покрытия 
610 1 |a элементный состав 
610 1 |a нанесение 
610 1 |a биосовместимые покрытия 
610 1 |a ВЧ-магнетронное распыление 
610 1 |a труды учёных ТПУ 
701 1 |a Конищев  |b М. Е.  |c физик  |c старший преподаватель Томского политехнического университета  |f 1987-  |g Максим Евгеньевич  |y Томск  |3 (RuTPU)RU\TPU\pers\27837  |9 12872 
701 1 |a Швецов  |b Е. Е. 
701 1 |a Сурменев  |b Р. А.  |c физик  |c старший научный сотрудник Томского политехнического университета, доцент, кандидат физико-математических наук  |f 1982-  |g Роман Анатольевич  |3 (RuTPU)RU\TPU\pers\25831  |9 11704 
701 1 |a Рябцева  |b М. А.  |c специалист в области материаловедения  |c инженер-исследователь Томского политехнического университета, старший научный сотрудник  |f 1984-  |g Мария Александровна  |3 (RuTPU)RU\TPU\pers\33929  |9 17502 
702 1 |a Пичугин  |b В. Ф.  |c российский физик  |c профессор Томского политехнического университета, доктор физико-математических наук  |f 1944-  |g Владимир Федорович  |4 727 
801 1 |a RU  |b 63413507  |c 20090217  |g PSBO 
801 2 |a RU  |b 63413507  |c 20161209  |g RCR 
942 |c BK